000 01024nam a2200277 i 4500
001 145897
003 ES-MaACL
005 20250930063124.0
007 t|
008 071017s1929 sp ||||1| spa d
080 _a9(=873.122)
080 _a94(85)".../1522"
080 _a94(85)"1522/48"
100 1 _aGarcilaso de la Vega,
_cel Inca,
_d1539-1616
_955472
245 1 0 _aAntología de los Comentarios reales /
_cEl inca Garcilaso de la Vega ; con una introducción crítica por José de la Riva-Agüero.
260 _aMadrid :
_bM. Aguilar,
_c1929 (
_fImp. Yagües)
300 _a566 p. ;
_c19 cm.
490 1 _aBiblioteca histórica iberoamericana
650 4 _aIncas.
_913645
651 4 _aPerú-
_xHistoria-
_yEpoca prehispánica, hasta 1522.
_99228
651 4 _aPerú-
_xHistoria-
_yDescubrimiento y conquista, 1522-1548.
_99226
700 1 _aRiva-Agüero, José de la.
_997531
830 1 _aBiblioteca histórica iberoamericana
_9220799
852 4 _aES-MaACL
_jB-4117
999 _c145897
_d145897